Neidio i'r cynnwys

Экономическая теория учебное пособие

Учебное пособие представляет собой основной учебный материал для подготовки к лекционным и практическим (семинарским) занятиям по дисциплине "Экономическая теория", предназначенный для бакалавров направления подготовки 38.03.01 – Экономика....

Disgrifiad llawn

Wedi'i Gadw mewn:
Manylion Llyfryddiaeth
Prif Awdur: Юсупова М. Д.
Fformat: Книга
Iaith:Russian
Cyhoeddwyd: Грозный ЧГУ 2020
Mynediad Ar-lein:https://e.lanbook.com/book/176252
https://e.lanbook.com/img/cover/book/176252.jpg
Tagiau: Ychwanegu Tag
Dim Tagiau, Byddwch y cyntaf i dagio'r cofnod hwn!
LEADER 01281nam0a2200229 i 4500
001 176252
003 RuSpLAN
005 20221220174130.0
008 221220s2020 ru gs 000 0 rus
040 |a RuSpLAN 
041 0 |a rus 
044 |a ru 
245 0 0 |a Экономическая теория  |b учебное пособие  |c Юсупова М. Д. 
260 |a Грозный  |b ЧГУ  |c 2020 
300 |a 152 с. 
504 |a Библиогр.: доступна в карточке книги, на сайте ЭБС Лань 
520 8 |a Учебное пособие представляет собой основной учебный материал для подготовки к лекционным и практическим (семинарским) занятиям по дисциплине "Экономическая теория", предназначенный для бакалавров направления подготовки 38.03.01 – Экономика. 
521 8 |a Книга из коллекции ЧГУ - Экономика и менеджмент 
100 1 |a Юсупова М. Д. 
856 4 |u https://e.lanbook.com/book/176252 
856 4 8 |u https://e.lanbook.com/img/cover/book/176252.jpg 
953 |a https://e.lanbook.com/img/cover/book/176252.jpg